[Event "2.Nord-West-Cup"]
[Site "?"]
[Date "2000.02.12"]
[Round "4"]
[White "Meijers, Johannes"]
[Black "Michalowski, Richard"]
[Result "1-0"]
[WhiteElo "1450"]
[BlackElo "1582"]
[PlyCount "61"]

1. Nf3 b5 2. b4 e6 3. Bb2 Nf6 4. a3 Bb7 5. e3 a6 6. d3 d5 7. Nbd2 Nbd7 8. Be2
c5 9. c3 Bd6 10. d4 c4 11. O-O O-O 12. Qc2 Qc7 13. a4 Ne4 14. Ne5 Nxd2 15. Nxd7
Rfe8 16. Qxd2 Qxd7 17. f4 f6 18. Qe1 e5 19. Bh5 g6 20. Qg3 Qg7 21. fxe5 fxe5
22. Bg4 Qe7 23. Qh3 exd4 24. exd4 Qe3+ 25. Qxe3 Rxe3 26. axb5 axb5 27. Rxa8+
Bxa8 28. Bc1 Re8 29. Bh6 Bb7 30. Bd7 Rd8 31. Be6+ 1-0

[Event "2.Nord-West-Cup"]
[Site "?"]
[Date "2000.02.13"]
[Round "6"]
[White "Meijers, Johannes"]
[Black "Fehsenfeld, Frithjof"]
[Result "0-1"]
[WhiteElo "1450"]
[BlackElo "1584"]
[PlyCount "68"]

1. c4 e5 2. Nc3 Bb4 3. g3 d6 4. a3 Ba5 5. Bg2 Nc6 6. b4 Bb6 7. e3 Be6 8. d3 Qd7
9. Bb2 Nge7 10. Nd5 O-O 11. h4 Rae8 12. Nh3 f6 13. h5 Bg4 14. f3 Bxh5 15. Nf2
Bg6 16. Nxb6 axb6 17. Bh3 Bf5 18. g4 Be6 19. f4 exf4 20. e4 Ne5 21. Bxe5 fxe5
22. Qf3 Nc6 23. g5 Nd4 24. Qh5 g6 25. Qd1 Qe7 26. Bxe6+ Nxe6 27. Qg4 Qxg5 28.
Qxg5 Nxg5 29. Ke2 Ne6 30. Rag1 Nd4+ 31. Kf1 Kg7 32. Rg2 h6 33. Rh5 Rh8 34. Rg4
Kf6 0-1

[Event "2.Nord-West-Cup"]
[Site "?"]
[Date "2000.02.10"]
[Round "1"]
[White "Meins, Gerlef"]
[Black "Petri, Norbert"]
[Result "1-0"]
[WhiteElo "2421"]
[BlackElo "1974"]
[PlyCount "74"]

1. d4 d5 2. Nf3 e6 3. c4 c5 4. cxd5 exd5 5. g3 Nc6 6. Bg2 Nf6 7. O-O Be7 8. Nc3
O-O 9. b3 Ne4 10. Bb2 Bf6 11. Na4 b6 12. Rc1 Ba6 13. dxc5 Bxb2 14. Nxb2 bxc5
15. Na4 Nd4 16. Nxd4 cxd4 17. Qxd4 Bxe2 18. Rfe1 Bh5 19. Nc3 Nxc3 20. Qxc3 Rc8
21. Qxc8 Qxc8 22. Rxc8 Rxc8 23. Bxd5 Kf8 24. Re5 Bg6 25. Bc4 f6 26. Ra5 Rc7 27.
f4 Ke7 28. Kf2 Kd6 29. Ke3 Re7+ 30. Kd4 Kc6 31. Ra6+ Kb7 32. Re6 Rd7+ 33. Kc5
Rc7+ 34. Kd6 Bf7 35. Re7 Rxe7 36. Kxe7 Bxc4 37. bxc4 Kc6 1-0

[Event "2.Nord-West-Cup"]
[Site "?"]
[Date "2000.02.11"]
[Round "3"]
[White "Meins, Gerlef"]
[Black "Buchenau, Frank"]
[Result "1/2-1/2"]
[WhiteElo "2421"]
[BlackElo "2220"]
[PlyCount "52"]

1. d4 e6 2. g3 Nf6 3. Bg2 c5 4. Nf3 Qa5+ 5. c3 cxd4 6. Nxd4 d5 7. O-O Be7 8.
Nd2 O-O 9. e4 Nc6 10. N2b3 Qa6 11. exd5 Nxd4 12. Nxd4 Nxd5 13. Qb3 Rd8 14. a4
Bd7 15. Re1 Bf6 16. Nb5 Bc6 17. Rd1 Qa5 18. Bd2 Ne7 19. Bf4 Bxg2 20. Kxg2 Qb6
21. Be3 Qc6+ 22. Kg1 a6 23. Nd4 Qe4 24. Re1 Qd5 25. c4 Qa5 26. Red1 Rd7 1/2-1/2

[Event "2.Nord-West-Cup"]
[Site "?"]
[Date "2000.02.10"]
[Round "1"]
[White "Meis, Eric"]
[Black "Krause, Thomas"]
[Result "0-1"]
[WhiteElo "1932"]
[BlackElo "2144"]
[PlyCount "32"]

1. e4 d5 2. exd5 Qxd5 3. Nc3 Qa5 4. Nf3 Nf6 5. Bc4 Bf5 6. O-O e6 7. d4 c6 8.
Re1 Nbd7 9. d5 Nb6 10. Ne5 Nbxd5 11. Nxd5 Nxd5 12. Bd2 Qc7 13. Qf3 O-O-O 14. b4
Bd6 15. Bxd5 Bxe5 16. Bxc6 Bxa1 0-1

[Event "2.Nord-West-Cup"]
[Site "?"]
[Date "2000.02.11"]
[Round "3"]
[White "Meis, Eric"]
[Black "Buntemeyer, Axel"]
[Result "1-0"]
[WhiteElo "1932"]
[BlackElo "1589"]
[PlyCount "79"]

1. e4 c5 2. Nf3 Nf6 3. Nc3 d6 4. d4 cxd4 5. Nxd4 a6 6. Bc4 e5 7. Nde2 Be7 8.
Bg5 Nbd7 9. Ng3 Nc5 10. a4 Ne6 11. Bxf6 gxf6 12. Nd5 Ng7 13. Qd2 O-O 14. Rd1
Re8 15. Nxe7+ Rxe7 16. O-O Rc7 17. Bb3 a5 18. c3 Ra6 19. Rfe1 Rb6 20. Ba2 Be6
21. Bb1 Rd7 22. Re3 Bb3 23. Bc2 Bxc2 24. Qxc2 Ne6 25. Nf5 Nf4 26. Rg3+ Kh8 27.
Nh6 Ng6 28. h4 Qf8 29. Qd2 Rxb2 30. Nxf7+ Qxf7 31. Qxb2 Nxh4 32. Qb5 Ng6 33.
Qd5 Nf4 34. Qxf7 Rxf7 35. Kf1 Rd7 36. Rf3 Ne6 37. Rxf6 Nc5 38. Rfxd6 Rc7 39. f3
Kg7 40. R1d5 1-0

[Event "2.Nord-West-Cup"]
[Site "?"]
[Date "2000.02.12"]
[Round "5"]
[White "Meis, Eric"]
[Black "Albers, Andreas"]
[Result "1-0"]
[WhiteElo "1932"]
[BlackElo "1791"]
[PlyCount "38"]

1. e4 d6 2. d4 Nf6 3. Nc3 g6 4. Bc4 Bg7 5. f3 c6 6. Bb3 O-O 7. Be3 Nbd7 8. Qd2
a5 9. Bh6 b5 10. a4 b4 11. Nce2 Ba6 12. h4 e5 13. g4 exd4 14. h5 Ne5 15. hxg6
Nxg6 16. Bxg7 Kxg7 17. Qh6+ Kh8 18. g5 Rg8 19. gxf6 Nf8 1-0

[Event "2.Nord-West-Cup"]
[Site "?"]
[Date "2000.02.13"]
[Round "7"]
[White "Meis, Eric"]
[Black "Lamprecht, Mark"]
[Result "1-0"]
[WhiteElo "1932"]
[BlackElo "2140"]
[PlyCount "95"]

1. e4 c6 2. d4 d5 3. Nc3 dxe4 4. Nxe4 Bf5 5. Ng3 Bg6 6. h4 h6 7. h5 Bh7 8. Nf3
Nd7 9. Bd3 Bxd3 10. Qxd3 Qc7 11. c4 Ngf6 12. Bd2 e6 13. O-O Bd6 14. Ne4 Bf4 15.
Bxf4 Qxf4 16. Ng3 O-O 17. Rfe1 Rfd8 18. b4 a5 19. a3 Nb6 20. Qc3 axb4 21. axb4
Rxa1 22. Rxa1 Ne4 23. Nxe4 Qxe4 24. b5 cxb5 25. c5 Nd5 26. Qa5 Rc8 27. Qxb5 Nf4
28. Qd7 Rb8 29. Qc7 Rf8 30. Re1 Nh3+ 31. Kh2 Qf4+ 32. Qxf4 Nxf4 33. Rb1 Rb8 34.
Ne5 Nxh5 35. Nd7 Rd8 36. Rxb7 Nf6 37. c6 Nxd7 38. Rxd7 Rc8 39. c7 Kh7 40. Rxf7
Kg6 41. Rd7 Kf6 42. Kg3 g6 43. Kf4 h5 44. Ke4 g5 45. f3 h4 46. d5 exd5+ 47.
Kxd5 Kf5 48. Rf7+ 1-0

[Event "2.Nord-West-Cup"]
[Site "?"]
[Date "2000.02.10"]
[Round "1"]
[White "Mengler, Marc"]
[Black "Koehne, Arno"]
[Result "1/2-1/2"]
[WhiteElo "833"]
[BlackElo "2040"]
[PlyCount "48"]

1. e4 c6 2. d4 d5 3. Nc3 dxe4 4. Nxe4 Nd7 5. Bf4 Ngf6 6. Nc3 e6 7. Nf3 Bb4 8.
Bc4 Nb6 9. Ne5 Nxc4 10. Nxc4 Ne4 11. Qd3 Nxc3 12. bxc3 Be7 13. Rb1 Qd5 14. O-O
O-O 15. Rfe1 f6 16. Re3 b5 17. Nd2 Re8 18. Rbe1 Bd7 19. Be5 Bd6 20. Bxd6 Qxd6
21. Ne4 Qd5 22. Rh3 h6 23. Rxh6 Kf7 24. Nxf6 Qf5 1/2-1/2

[Event "2.Nord-West-Cup"]
[Site "?"]
[Date "2000.02.11"]
[Round "3"]
[White "Mengler, Marc"]
[Black "Kuenzler, Thomas"]
[Result "1/2-1/2"]
[WhiteElo "833"]
[BlackElo "2051"]
[PlyCount "40"]

1. e4 Nf6 2. e5 Nd5 3. Bc4 e6 4. Nf3 Nb6 5. Bb3 d5 6. d4 c5 7. c3 Nc6 8. O-O
Be7 9. Bf4 Nd7 10. Re1 Qb6 11. dxc5 Nxc5 12. Nbd2 Nd3 13. Be3 Bc5 14. Bxc5 Qxc5
15. Re3 Nf4 16. Nf1 O-O 17. Nd4 Ng6 18. Nxc6 bxc6 19. Bc2 a5 20. h4 Qc4 1/2-1/2

[Event "2.Nord-West-Cup"]
[Site "?"]
[Date "2000.02.12"]
[Round "5"]
[White "Mengler, Marc"]
[Black "Sarveniazi, Alireza"]
[Result "1-0"]
[WhiteElo "833"]
[BlackElo "1920"]
[PlyCount "51"]

1. e4 e5 2. Nf3 Nc6 3. Bc4 Bc5 4. b4 Bxb4 5. c3 Be7 6. d4 Nf6 7. dxe5 Nxe4 8.
Qd5 O-O 9. Qxe4 d6 10. O-O dxe5 11. Ba3 Kh8 12. Nxe5 Nxe5 13. Qxe5 Bxa3 14.
Nxa3 c6 15. Rad1 Qb6 16. Bxf7 Bg4 17. Rd4 Rxf7 18. Rxg4 Raf8 19. Kh1 Qa6 20.
Nc4 Qxa2 21. Nd6 Rf6 22. Qe7 Rg8 23. Rxg7 Rxg7 24. Qxf6 Qd5 25. f3 Qd3 26. Qf8+
1-0

[Event "2.Nord-West-Cup"]
[Site "?"]
[Date "2000.02.13"]
[Round "7"]
[White "Mengler, Marc"]
[Black "Erdogan, Ugur"]
[Result "1/2-1/2"]
[WhiteElo "833"]
[BlackElo "2100"]
[PlyCount "55"]

1. e4 Nf6 2. e5 Nd5 3. d4 d6 4. exd6 cxd6 5. c4 Nb6 6. Nf3 g6 7. Nc3 Bg7 8. Bd3
Nc6 9. Be3 O-O 10. h4 Bg4 11. Be2 Bxf3 12. gxf3 e5 13. d5 Nd4 14. h5 Nf5 15.
Bd3 Nxe3 16. fxe3 Qg5 17. Qe2 f5 18. O-O-O Qf6 19. hxg6 hxg6 20. Qh2 Rfc8 21.
Qe2 Nd7 22. e4 a6 23. exf5 gxf5 24. Rh5 e4 25. fxe4 f4 26. e5 Nxe5 27. Bh7+ Kh8
28. Bg6+ 1/2-1/2

[Event "2.Nord-West-Cup"]
[Site "?"]
[Date "2000.02.11"]
[Round "2"]
[White "Meyner, Hannes"]
[Black "Schnur, Gerhard"]
[Result "1-0"]
[WhiteElo "1969"]
[BlackElo "2131"]
[PlyCount "101"]

1. d4 e6 2. Nf3 f5 3. c4 Nf6 4. Nc3 Be7 5. e3 O-O 6. Bd3 b6 7. b3 Bb7 8. Bb2
Ne4 9. O-O d5 10. Nd2 Nd7 11. f3 Nxc3 12. Bxc3 Bf6 13. cxd5 Bxd5 14. e4 Bb7 15.
Bc4 fxe4 16. Bxe6+ Kh8 17. Nxe4 Be7 18. Qc2 Nf6 19. Ng5 Bd5 20. Rfe1 h6 21.
Bxd5 Qxd5 22. Ne6 Bd6 23. Nxf8 Rxf8 24. Qg6 Ng8 25. Re4 Rf6 26. Qg4 Rf8 27. Qe6
Qh5 28. h3 Nf6 29. Ree1 Qh4 30. d5 Qg3 31. Be5 Bc5+ 32. Kh1 Qf2 33. Rf1 Qd2 34.
Rfd1 Qf2 35. Bxf6 Rxf6 36. Qe1 Qc2 37. Rd2 Qg6 38. Qe4 Qg5 39. Rad1 Bd6 40. Qe1
Qf4 41. Qg1 Qg3 42. Re2 h5 43. Re6 Rf5 44. Rxd6 Qxd6 45. Qh2 Qc5 46. Qg3 Qc2
47. Qe1 Rf8 48. Qd2 Qf5 49. d6 cxd6 50. Qxd6 Re8 51. Rd2 1-0

[Event "2.Nord-West-Cup"]
[Site "?"]
[Date "2000.02.11"]
[Round "3"]
[White "Meyner, Hannes"]
[Black "Lamprecht, Mark"]
[Result "0-1"]
[WhiteElo "1969"]
[BlackElo "2140"]
[PlyCount "44"]

1. d4 f5 2. Bg5 d5 3. e3 Nf6 4. Bd3 e6 5. Nd2 Bd6 6. Ne2 O-O 7. c3 Nc6 8. Qc2
Rb8 9. f3 Qe8 10. O-O-O e5 11. e4 exd4 12. Bxf6 Rxf6 13. exd5 dxc3 14. dxc6
cxd2+ 15. Rxd2 bxc6 16. Rdd1 Be6 17. Nc3 Qf7 18. b3 c5 19. Na4 Bf4+ 20. Kb1 c4
21. Bxc4 Bxc4 22. Rd7 Bxb3 0-1

[Event "2.Nord-West-Cup"]
[Site "?"]
[Date "2000.02.12"]
[Round "5"]
[White "Meyner, Hannes"]
[Black "Segelken, Peter"]
[Result "1-0"]
[WhiteElo "1969"]
[BlackElo "2020"]
[PlyCount "137"]

1. d4 d5 2. c4 e6 3. Nc3 Nf6 4. cxd5 exd5 5. Bg5 Be7 6. e3 O-O 7. Bd3 h6 8. Bh4
c6 9. Qc2 Nbd7 10. Nf3 a6 11. O-O Nh5 12. Bxe7 Qxe7 13. Rfc1 Re8 14. Na4 Nhf6
15. Nc5 Nxc5 16. Qxc5 Qxc5 17. Rxc5 g6 18. b4 Kg7 19. a4 h5 20. Rac1 Bg4 21.
Ne5 Nd7 22. Nxd7 Bxd7 23. h4 f5 24. g3 Kf6 25. Kg2 Ke7 26. Kf3 Kf6 27. Ke2 Rg8
28. Kd2 Rgc8 29. R5c2 Ke7 30. Ra2 Kd6 31. Rca1 Rab8 32. Kc3 Rc7 33. Kb3 Rbc8
34. Rc1 Ra8 35. Rac2 Rac8 36. Rc5 Be8 37. Ka3 Bd7 38. Bf1 Be8 39. Bg2 Bf7 40.
Bf1 Be8 41. R1c2 Bd7 42. Kb2 Be8 43. Kc1 Ra8 44. Kd2 Rac8 45. Rc1 Bd7 46. Bd3
Be8 47. Ke2 Ra8 48. Kf3 Ke7 49. Rxd5 Bf7 50. Re5+ Kd6 51. Kf4 Re7 52. Rxe7 Kxe7
53. a5 Kd6 54. Rc5 Bd5 55. Kg5 Rg8 56. Kh6 Ba2 57. Kg5 b6 58. axb6 Rb8 59. Kxg6
Rxb6 60. Kxh5 Rxb4 61. Bxa6 Bd5 62. Rc2 Be4 63. Rd2 Rb8 64. Kg5 Rg8+ 65. Kf6
Rf8+ 66. Kg7 Ra8 67. Bc4 Ra7+ 68. Kf6 Re7 69. Rb2 1-0

[Event "2.Nord-West-Cup"]
[Site "?"]
[Date "2000.02.13"]
[Round "7"]
[White "Meyner, Hannes"]
[Black "Schluchter, Steffen"]
[Result "1-0"]
[WhiteElo "1969"]
[BlackElo "2183"]
[PlyCount "93"]

1. d4 Nf6 2. Nf3 c5 3. d5 g6 4. c4 b5 5. Nc3 b4 6. Nb1 Bg7 7. Nbd2 d6 8. h3 e6
9. e4 exd5 10. cxd5 O-O 11. Bd3 Nbd7 12. O-O Nb6 13. Qc2 a5 14. Rb1 a4 15. Re1
Qc7 16. Nc4 Nxc4 17. Bxc4 Re8 18. Bf4 Nd7 19. Rbd1 f6 20. Bb5 a3 21. b3 Re7 22.
Bc4 Bb7 23. Re2 Rae8 24. Rde1 Bc8 25. Bb5 Qb8 26. Bc4 Nb6 27. Nd2 Bd7 28. Bd3
Bf8 29. Bc4 Rf7 30. Bg3 Nc8 31. f4 Qb6 32. Kh1 Bb5 33. Nf3 Bxc4 34. Qxc4 Qb7
35. Qc2 Na7 36. Rd2 Bh6 37. Rdd1 Nb5 38. e5 Nc3 39. exd6 Rd8 40. Rd2 Rxd6 41.
f5 Bxd2 42. Re8+ Kg7 43. Bxd6 Qxd5 44. Qxd2 Qxf5 45. Qe1 Qd5 46. Rd8 Qf5 47.
Qe8 1-0

[Event "2.Nord-West-Cup"]
[Site "?"]
[Date "2000.02.11"]
[Round "3"]
[White "Michalowski, Richard"]
[Black "Schweitzer, Paul"]
[Result "0-1"]
[WhiteElo "1582"]
[BlackElo "1686"]
[PlyCount "117"]

1. c4 e6 2. Nc3 Nc6 3. g3 Nf6 4. Bg2 a5 5. b3 Be7 6. e3 O-O 7. Nge2 Ne5 8. d4
Ng6 9. O-O c5 10. d5 Ra6 11. Qc2 exd5 12. cxd5 d6 13. e4 h6 14. h3 Bd7 15. a4
Qc8 16. Kh2 c4 17. Be3 Ne5 18. Rfd1 cxb3 19. Qxb3 Nc4 20. Bd4 Ne5 21. Rab1 b6
22. Rbc1 Qb8 23. Nb5 Bd8 24. f4 Ng6 25. Qb2 h5 26. e5 dxe5 27. fxe5 Ne8 28. Rf1
h4 29. g4 Bxb5 30. axb5 Ra7 31. d6 Bg5 32. Rc6 Rb7 33. Kh1 Qd8 34. Nc3 Nf4 35.
Na4 Nxg2 36. Kxg2 Qd7 37. Qb3 Bd8 38. Qe3 Qe6 39. Qf2 Qd5+ 40. Qf3 Qa2+ 41. Nb2
a4 42. Rf2 Qb3 43. Rc3 Qb4 44. Qd5 Rd7 45. Nd3 Qa5 46. Ra2 Qa7 47. Rca3 Nc7 48.
Qc6 Ne6 49. Rxa4 Qb7 50. Be3 f6 51. Qxb7 Rxb7 52. Ra7 Rff7 53. R7a6 fxe5 54.
Nxe5 Nf4+ 55. Kh2 Nd5 56. Bd4 Bg5 57. Ra8+ Rf8 58. Rxf8+ Kxf8 59. Ra8+ {Zeit}
0-1

[Event "2.Nord-West-Cup"]
[Site "?"]
[Date "2000.02.12"]
[Round "5"]
[White "Michalowski, Richard"]
[Black "Hubbermann, Guenter"]
[Result "1-0"]
[WhiteElo "1582"]
[BlackElo "1104"]
[PlyCount "45"]

1. c4 c5 2. Nc3 Nc6 3. g3 f5 4. Nf3 Nf6 5. d3 g6 6. Bg2 d6 7. O-O Bg7 8. Re1 e5
9. Nd2 f4 10. Nf1 fxg3 11. fxg3 Rf8 12. Ne3 Nd4 13. Rf1 Bh6 14. Ned5 Ng4 15.
Rxf8+ Bxf8 16. e3 Nf5 17. Qxg4 Nh6 18. Qe2 Bg4 19. Bf3 Qg5 20. Bxg4 Qxg4 21.
Qxg4 Nxg4 22. Nc7+ Kd8 23. Nxa8 1-0

[Event "2.Nord-West-Cup"]
[Site "?"]
[Date "2000.02.13"]
[Round "7"]
[White "Michalowski, Richard"]
[Black "van der Veen, Anne"]
[Result "1/2-1/2"]
[WhiteElo "1582"]
[BlackElo "1600"]
[PlyCount "82"]

1. c4 f5 2. d4 e6 3. Nc3 Nf6 4. g3 d5 5. cxd5 exd5 6. Bg2 c6 7. Nh3 Be7 8. f3
O-O 9. O-O Na6 10. Be3 Nc7 11. Nf4 Qe8 12. Bf2 g5 13. Nd3 Kh8 14. e4 fxe4 15.
fxe4 Bg4 16. Qd2 Rg8 17. Ne5 Bd7 18. Be3 Rg7 19. Rf2 Be6 20. Raf1 Nxe4 21. Nxe4
dxe4 22. Bxe4 Nd5 23. a3 Rd8 24. g4 c5 25. dxc5 Nf4 26. Qc3 Nh3+ 27. Kg2 Nxf2
28. Rxf2 Kg8 29. Bxb7 h5 30. h3 hxg4 31. hxg4 Rb8 32. Bc6 Qc8 33. Bf3 Rb3 34.
Qd2 Rxe3 35. Qxe3 Bxc5 36. Qe2 Bxf2 37. Qxf2 Rc7 38. Kg3 Rc5 39. Qe3 Rc7 40.
Qxg5+ Rg7 41. Qe3 Qc7 1/2-1/2

[Event "2.Nord-West-Cup"]
[Site "?"]
[Date "2000.02.10"]
[Round "1"]
[White "Mulde, Ralf"]
[Black "Erdogan, Ugur"]
[Result "0-1"]
[WhiteElo "1868"]
[BlackElo "2100"]
[PlyCount "48"]

1. f4 d5 2. Nf3 Nf6 3. g3 Bg4 4. Bg2 Nbd7 5. d3 c6 6. O-O e6 7. Nc3 Bc5+ 8. Kh1
Qc7 9. e4 dxe4 10. dxe4 e5 11. h3 Bxf3 12. Qxf3 O-O-O 13. a3 Rhe8 14. Na4 Bd6
15. f5 Nb6 16. Nxb6+ axb6 17. b4 c5 18. c3 Bf8 19. a4 cxb4 20. cxb4 Bxb4 21.
Be3 Bc5 22. Rfc1 Rd3 23. Bxc5 Rxf3 24. Bb4 Rd3 0-1

[Event "2.Nord-West-Cup"]
[Site "?"]
[Date "2000.02.11"]
[Round "3"]
[White "Mulde, Ralf"]
[Black "Schnur, Gerhard"]
[Result "1/2-1/2"]
[WhiteElo "1868"]
[BlackElo "2131"]
[PlyCount "129"]

1. f4 d5 2. Nf3 c6 3. b3 Qc7 4. e3 Bg4 5. Bb2 Nd7 6. Be2 Bxf3 7. Bxf3 e5 8.
fxe5 Nxe5 9. O-O Bd6 10. e4 dxe4 11. Bxe4 Nf6 12. Rxf6 gxf6 13. Bf5 Be7 14. d4
Ng6 15. Nc3 Qf4 16. Qd3 O-O 17. Rf1 Qc7 18. d5 Rad8 19. Qf3 cxd5 20. Nxd5 Qc5+
21. Ne3 Bd6 22. Kh1 Be5 23. Bc1 Rd4 24. Be4 Bf4 25. g3 Be5 26. Ng4 Rd7 27. Bh6
Re8 28. Bxb7 Rxb7 29. Qxb7 Qxc2 30. Qf3 Qc3 31. Qxc3 Bxc3 32. Nxf6+ Bxf6 33.
Rxf6 Re2 34. Ra6 f6 35. Rxa7 Ne5 36. Kg1 Nf3+ 37. Kf1 Rxh2 38. Bf4 Rb2 39. Ra4
Kf7 40. b4 Ke6 41. a3 Kd5 42. Ra6 f5 43. Rd6+ Ke4 44. Re6+ Kd5 45. Re2 Rb1+ 46.
Kf2 Nd4 47. Rd2 Kc4 48. Be5 Ne6 49. Rb2 Rd1 50. b5 Nc5 51. Ke2 Rh1 52. Rb4+ Kd5
53. Bf4 Ra1 54. b6 Ra2+ 55. Kd1 Kc6 56. Be3 Nb7 57. a4 Nd6 58. Kc1 Kb7 59. Kb1
Re2 60. Bd4 Ka6 61. a5 Nb7 62. Ra4 Rg2 63. Ra3 Nxa5 64. b7 Kxb7 65. Rxa5
1/2-1/2

[Event "2.Nord-West-Cup"]
[Site "?"]
[Date "2000.02.13"]
[Round "7"]
[White "Mulde, Ralf"]
[Black "Kolthoff, Siegmund"]
[Result "0-1"]
[WhiteElo "1868"]
[BlackElo "2036"]
[PlyCount "92"]

1. f4 Nf6 2. Nf3 c5 3. d3 Nc6 4. e4 d6 5. g3 g6 6. Bg2 Bg7 7. O-O O-O 8. a4 Bg4
9. h3 Bxf3 10. Qxf3 Qc7 11. Na3 a6 12. c3 Rab8 13. Bd2 Nd7 14. Nc4 Na5 15. Nxa5
Qxa5 16. g4 Qb6 17. Qe2 Qa7 18. a5 b5 19. axb6 Rxb6 20. Be3 Rfb8 21. Ra2 a5 22.
d4 cxd4 23. cxd4 Rb3 24. e5 dxe5 25. Bd5 exd4 26. Bxb3 Rxb3 27. Bf2 Rxh3 28.
Ra3 Rxa3 29. bxa3 Qc5 30. Qd3 Nf8 31. a4 Qd5 32. Bg3 Qd7 33. Qb5 Qxg4 34. Kh2
h5 35. Qg5 Qe2+ 36. Rf2 Qe3 37. Qxa5 Bf6 38. Kg2 h4 39. Bh2 h3+ 40. Kg1 Bh4 41.
Qd2 Bxf2+ 42. Qxf2 Qc1+ 43. Qf1 Qa3 44. Qb5 d3 45. Qb1 Qxa4 46. Qxd3 Qa1+ 0-1

[Event "2.Nord-West-Cup"]
[Site "?"]
[Date "2000.02.10"]
[Round "1"]
[White "Mursajew, Anatoli"]
[Black "Korsus, Bernd"]
[Result "0-1"]
[WhiteElo "1601"]
[BlackElo "2186"]
[PlyCount "62"]

1. Nf3 Nf6 2. c4 c5 3. Nc3 e6 4. g3 b6 5. Bg2 Bb7 6. O-O Be7 7. d3 O-O 8. Rb1
d5 9. cxd5 Nxd5 10. Nxd5 Bxd5 11. b3 Bf6 12. Bb2 Bxb2 13. Rxb2 Qf6 14. Rd2 e5
15. e4 Bb7 16. Nh4 Nc6 17. f4 Nd4 18. Qh5 Rae8 19. Rdf2 g6 20. Qh6 Qg7 21. Qg5
exf4 22. gxf4 f5 23. e5 Re6 24. Qg3 Kh8 25. Nf3 Bxf3 26. Bxf3 g5 27. Re1 Rg6
28. Bg2 gxf4 29. Qxf4 Rg8 30. Ree2 Rxg2+ 31. Rxg2 Nxe2+ 0-1

[Event "2.Nord-West-Cup"]
[Site "?"]
[Date "2000.02.11"]
[Round "3"]
[White "Mursajew, Anatoli"]
[Black "Hoeppner, Hans"]
[Result "0-1"]
[WhiteElo "1601"]
[BlackElo "1694"]
[PlyCount "110"]

1. Nf3 e6 2. c4 Ne7 3. b3 Ng6 4. Bb2 d6 5. g3 Nd7 6. Bg2 e5 7. d3 Be7 8. O-O
O-O 9. Nbd2 Re8 10. d4 Bf6 11. Ne4 Be7 12. Qc2 f5 13. Nxd6 cxd6 14. Qxf5 Nf6
15. Qc2 e4 16. Nd2 e3 17. fxe3 Ng4 18. Qd3 Bg5 19. Ne4 Nxe3 20. Rf3 Nxg2 21.
Kxg2 Bg4 22. Rf2 Qe7 23. Nxg5 Qxg5 24. e4 Re7 25. Re1 Rf8 26. Rxf8+ Kxf8 27.
Ba3 Rd7 28. e5 Bf5 29. Rf1 Rf7 30. Qe2 h5 31. e6 Rf6 32. Bxd6+ Ke8 33. d5 Bg4
34. Qd3 Bf5 35. Qe2 Bg4 36. Qd3 Bf5 37. Qd4 Bh3+ 38. Kxh3 Rxf1 39. c5 Qg4+ 40.
Qxg4 hxg4+ 41. Kxg4 Rc1 42. h4 Ne7 43. Bxe7 Kxe7 44. Kf5 Rxc5 45. Ke5 Rc2 46.
d6+ Ke8 47. a4 Rc5+ 48. Kd4 Rc1 49. b4 Rg1 50. a5 Rxg3 51. b5 Rg4+ 52. Kc5 Rxh4
53. a6 Rh5+ 54. Kc4 b6 55. Kb4 Rc5 0-1

[Event "2.Nord-West-Cup"]
[Site "?"]
[Date "2000.02.12"]
[Round "5"]
[White "Mursajew, Anatoli"]
[Black "Wichelmann, Martin"]
[Result "0-1"]
[WhiteElo "1601"]
[BlackElo "1920"]
[PlyCount "96"]

1. d4 Nf6 2. c4 c5 3. d5 b5 4. b3 e6 5. dxe6 fxe6 6. Nf3 Be7 7. Bb2 O-O 8. Nbd2
d5 9. cxd5 exd5 10. e3 Qb6 11. Be2 Nc6 12. O-O Bf5 13. Ne5 Nxe5 14. Bxe5 Rad8
15. Qc1 Ng4 16. Bxg4 Bxg4 17. Qb2 Bf6 18. Bxf6 Rxf6 19. f3 Be6 20. Kh1 Rh6 21.
Rae1 Qc7 22. f4 d4 23. Rf3 d3 24. Rg3 c4 25. Rc1 Rg6 26. Rxg6 hxg6 27. bxc4
bxc4 28. Kg1 Qc5 29. Kf2 g5 30. Qe5 Qxe5 31. fxe5 Rb8 32. e4 Rb2 33. Ke3 Rc2
34. Rb1 Rxa2 35. Nf3 Re2+ 36. Kd4 Rxg2 37. Ra1 Bg4 38. Kxc4 Bxf3 39. Kxd3 Rxh2
40. Rxa7 g4 41. e6 Kf8 42. Rf7+ Kg8 43. Kd4 Ra2 44. Ke5 Ra8 45. Kd6 Bxe4 46.
Rc7 g3 47. Kd7 g2 48. e7 Bf5+ 0-1

[Event "2.Nord-West-Cup"]
[Site "?"]
[Date "2000.02.13"]
[Round "7"]
[White "Mursajew, Anatoli"]
[Black "Reimer, Karl"]
[Result "0-1"]
[WhiteElo "1601"]
[BlackElo "1586"]
[PlyCount "67"]

1. Nf3 Nf6 2. c4 d6 3. d4 c5 4. dxc5 Qa5+ 5. Nc3 Qxc5 6. e4 g6 7. h3 Bg7 8. Bd3
O-O 9. O-O Nbd7 10. Qc2 Ne5 11. Nxe5 Qxe5 12. Be3 Bd7 13. f4 Qa5 14. a3 a6 15.
f5 Rac8 16. fxg6 hxg6 17. Qd2 Be6 18. Qe2 Qh5 19. Qxh5 Nxh5 20. Nd5 Rfe8 21.
Rab1 Nf6 22. a4 Nd7 23. b4 Ne5 24. Be2 Nxc4 25. Rfc1 Bxd5 26. exd5 Nxe3 27. b5
Nxd5 28. bxa6 bxa6 29. Bxa6 Rxc1+ 30. Rxc1 Rb8 31. Rc8+ Rxc8 32. Bxc8 Bc3 33.
Bb7 Nb6 34. Kf2 0-1

[Event "2.Nord-West-Cup"]
[Site "?"]
[Date "2000.02.11"]
[Round "2"]
[White "Niebergall, Gerhard"]
[Black "Walter, Stefan"]
[Result "1-0"]
[WhiteElo "2113"]
[BlackElo "1525"]
[PlyCount "47"]

1. c4 e5 2. g3 Nc6 3. Bg2 d6 4. Nc3 Be6 5. d3 f5 6. Rb1 a5 7. Nd5 Nf6 8. e4 Nd4
9. Nxf6+ Qxf6 10. exf5 Bxf5 11. Bxb7 Ra7 12. Bg2 Qg6 13. Nf3 Nxf3+ 14. Bxf3 h5
15. Be3 Bxd3 16. Bc6+ Kd8 17. Qb3 Ra8 18. Bxa8 Bxb1 19. Qb8+ Kd7 20. Bc6+ Ke6
21. Qc8+ Kf6 22. Qd8+ Kf5 23. Bd7+ Ke4 24. Qa8+ 1-0

[Event "2.Nord-West-Cup"]
[Site "?"]
[Date "2000.02.12"]
[Round "4"]
[White "Niebergall, Gerhard"]
[Black "Schneider, Florian"]
[Result "1-0"]
[WhiteElo "2113"]
[BlackElo "1779"]
[PlyCount "71"]

1. c4 Nf6 2. Nc3 e5 3. g3 c6 4. d4 Qa5 5. dxe5 Qxe5 6. Bf4 Qa5 7. Bg2 Bb4 8.
Rc1 O-O 9. a3 Bxc3+ 10. Rxc3 d5 11. Bd6 Re8 12. b4 Qd8 13. c5 Ne4 14. Bxe4 Rxe4
15. f3 Re8 16. Kf2 Bf5 17. Qd4 Nd7 18. g4 Bg6 19. h4 Qf6 20. Qxf6 Nxf6 21. Nh3
h6 22. Nf4 Bh7 23. g5 hxg5 24. hxg5 Nd7 25. Rcc1 Bf5 26. Rh2 Nf8 27. Rch1 Ng6
28. Rh7 f6 29. gxf6 gxf6 30. Nxg6 Bxg6 31. Rxb7 Bc2 32. Rc7 Rec8 33. Rg1+ Kh8
34. Rf7 a5 35. Rxf6 axb4 36. Rh6+ 1-0

[Event "2.Nord-West-Cup"]
[Site "?"]
[Date "2000.02.13"]
[Round "6"]
[White "Niebergall, Gerhard"]
[Black "Hermann, Manfred"]
[Result "0-1"]
[WhiteElo "2113"]
[BlackElo "2357"]
[PlyCount "80"]

1. c4 c6 2. g3 d5 3. Bg2 Nf6 4. Nf3 dxc4 5. Qc2 b5 6. b3 cxb3 7. axb3 Bb7 8.
Ba3 Nbd7 9. d4 Qb6 10. Nbd2 Rc8 11. Bc5 Nxc5 12. dxc5 Qc7 13. Rxa7 Qb8 14. Ra5
g6 15. e4 Bg7 16. O-O Nd7 17. b4 O-O 18. Nb3 Rcd8 19. Rd1 Nf6 20. Rda1 Rd7 21.
h3 Rfd8 22. Re1 Ne8 23. Qa2 Bc3 24. Re3 Bxb4 25. Ra7 Ng7 26. Ng5 h6 27. Nxf7
Kxf7 28. Rxb7 Rxb7 29. Nd4+ e6 30. Rf3+ Kg8 31. Nxc6 Qc7 32. Nxb4 Qxc5 33. Nd3
Qa7 34. Qb2 Qd4 35. Qb3 Qc4 36. Qa3 b4 37. Qa5 Rdb8 38. Ne5 Qb5 39. Qa1 b3 40.
Qb2 Qxe5 0-1

[Event "2.Nord-West-Cup"]
[Site "?"]
[Date "2000.02.10"]
[Round "1"]
[White "Opalka, Stefan"]
[Black "Schuette, Marc"]
[Result "0-1"]
[WhiteElo "1784"]
[BlackElo "2249"]
[PlyCount "68"]

1. e4 e6 2. d4 d5 3. Nc3 Bb4 4. e5 c5 5. a3 Bxc3+ 6. bxc3 Qc7 7. f4 cxd4 8.
cxd4 Qc3+ 9. Bd2 Qxd4 10. Nf3 Qc5 11. Bd3 Ne7 12. Ng5 h6 13. Qh5 g6 14. Qh3
Nbc6 15. g4 Bd7 16. Qh4 Qd4 17. Ke2 Kf8 18. Rhb1 Rb8 19. Be3 Qc3 20. Bd2 Qd4
21. Nf3 Qc5 22. Be3 Qa5 23. Rb5 Qc7 24. Qf6 Kg8 25. Bc5 Nc8 26. Bxg6 Be8 27.
Bd3 N6e7 28. Bxe7 Bxb5 29. Bf8 Rh7 30. Bxh6 Rxh6 31. Qxh6 Qxc2+ 32. Kf1 Qxd3+
33. Kg2 Qg6 34. Qh4 Nb6 0-1